Basic nursing procedure manual and essentials

Salvato in:
Dettagli Bibliografici
Autore principale: THRESYAMMA, C.P
Natura: Libro
Lingua:inglese
Pubblicazione: CBS Publishers 2014
Tags: Aggiungi Tag
Nessun Tag, puoi essere il primo ad aggiungerne!!

MARC

LEADER 00000nam a22000007a 4500
008 240426b |||||||| |||| 00| 0 eng d
020 |a 9788123924298 
100 |a THRESYAMMA, C.P. 
245 |a Basic nursing procedure manual and essentials  |c C.P. Thresyamma  |g ix, 619p 
260 |b CBS Publishers  |c 2014  |h New Delhi  |i 701603  |i 701604  |l RT42.T41  |m Nursing 
942 |a lcc  |c BK  |e Adeyemo O.O  |f 26/04/2024 
952 |0 0  |1 0  |2 lcc  |4 0  |6 RT0042 T41  |7 0  |9 5106  |a HE  |b HOL  |c QZ  |d 2024-04-26  |l 0  |o RT42.T41  |p 2024-0353  |r 2024-04-26 00:00:00  |w 2024-04-26  |y BK 
952 |0 0  |1 0  |2 lcc  |4 0  |6 RT0042 T41  |7 0  |9 5107  |a HOL  |b HOL  |c QZ  |d 2024-04-26  |l 0  |o RT42.T41  |p 2024-0354  |r 2024-04-26 00:00:00  |w 2024-04-26  |y BK 
999 |c 2536  |d 2536